Welcome to the Holygrace Academy Library

Please use search bar below to get started

COMMANDMENTS (Record no. 3981)

MARC details
000 -LEADER
fixed length control field 00279nam a22001337a 4500
020 ## - INTERNATIONAL STANDARD BOOK NUMBER
ISBN 0-375-40137-7
082 ## - DEWEY DECIMAL CLASSIFICATION NUMBER
Classification number 821
Item number MCC/T
100 ## - MAIN ENTRY--AUTHOR NAME
Personal name CLATCHY, M C
245 ## - TITLE STATEMENT
Title COMMANDMENTS
260 ## - PUBLICATION, DISTRIBUTION, ETC. (IMPRINT)
Place of publication NEWYORK
Name of publisher ALFRED A KNOPF
300 ## - PHYSICAL DESCRIPTION
Number of Pages 104
650 ## - SUBJECT ADDED ENTRY--TOPICAL TERM
Topical Term POEMS
Geographic subdivision NEW YORK
942 ## - ADDED ENTRY ELEMENTS (KOHA)
Koha item type Books
Holdings
Withdrawn status Lost status Collection code Home library Current library Shelving location Date acquired Source of acquisition Full call number Accession Number Koha item type
    Non-fiction Main Library Main Library SHELF-16D -ENGLISH GRAMMAR ,POEMS 06/05/2005 PURCHASE 821 MCC/T 00790 Books